Регионална библиотека "Любен Каравелов" - Русе

Пудел (Запис номер 101966)

MARC детайли
000 -Лидер
Контролно поле с фиксирана дължина 01799nam a2200445 c 4500
003 - Код на организацията, давaща контролен номер
Контролно поле BLK
005 - Дата и час на последна редакция
Контролно поле 20230530100750.0
008 - Елементи от данни с фиксирана дължина
fixed length control field 180409b bul|||||r ||||||| ||bul||
010 ## - Наследен системен номер
LC control number KNG00107023000
020 ## - Международен стандартен номер на книга ISBN
Международен стандартен номер на книга ISBN 978-954-685-514-5
-- издат.: СофтПрес
040 ## - Източник на каталожния запис
Идентификатор на билиотеката - собственик на записа BLK
041 ## - Код за език
Код за езика на текст/звукозапис или на отделно заглавие Български
Код за езика КДБФ Български
072 #7 - Код за тематичната категория
Код организация bullib
Код за тематична категория Н63
Текст Селско стопанство Н
080 ## - УДК
Текстов определител УДК Кучета
УДК код - определител по УДК 636.7
УДК определител .051.081
УДК - код + определител 636.7.051.081
100 1# - Редна дума - Автор
Автор Фой, Марша А.
Авторска отговорност първи автор
R(LIN) 134513
139 ## - Редно поле
Редна дума Фой, Марша А.
Авторски знак Фои - Ф 67
245 10 - Сведения за заглавието
Заглавие Пудел
Подзаглавни данни По стандартите на междунар. федерация по кинология
Редно поле (дума) Марша А. Фой; под ред. на Димо Димов; под ред. на Цветан Стефанов; прев. Елена Боевска.
257 ## - Страна на издаване
Страна на създаване/издаване Великобритания
260 ## - Област на издателските данни
-- София
Име на издателя, разпространителя и проч. СофтПрес
Година на издаване 2007
Печатница София : Фолиарт
300 ## - Физическа характеристика
Страници 94 с.
Илюстрации и др. с цв. ил.
Размери/Мащаб 23 см
380 ## - Жанр
Жанр Селско стопанство
490 1# - СЕРИИ (Колекции)
Име на серия Поредица Моето куче
500 ## - Общи забележки
Забележка Ориг. загл. Poodle / by Marcia A. Foy.
650 #4 - Допълнително описание по предмет – тема
Основно описание – тема или топоним Кучета - развъждане и отглеждане
9 (RLIN) 277446
653 ## - Ключова дума – ненормативна
Ключова дума кучета
653 ## - Ключова дума – ненормативна
Ключова дума кинология
653 ## - Ключова дума – ненормативна
Ключова дума отглеждане
653 ## - Ключова дума – ненормативна
Ключова дума домашни любимци
653 ## - Ключова дума – ненормативна
Ключова дума пудели
659 ## - Тематичен бюлетин
Тематичен бюлетин Н
700 1# - Други автори (авторска отговорност)
Лично име Димов, Димо
Автороска отговорност (Описва отношението между автора и произведението) под ред. на
9 (RLIN) 368713
700 1# - Други автори (авторска отговорност)
Лично име Стефанов, Цветан
Автороска отговорност (Описва отношението между автора и произведението) под ред. на
9 (RLIN) 277445
700 1# - Други автори (авторска отговорност)
Лично име Боевска, Елена
Автороска отговорност (Описва отношението между автора и произведението) прев.
9 (RLIN) 309006
852 ## - Местоположение
Форматна сигнатура Цб 255083
856 4# - Електронен адрес и достъп
Електронен формат pdf - файл
Път до файла /url/
856 4# - Електронен адрес и достъп
Електронен формат pdf - файл
Път до файла /url/
942 ## - АРТИКУЛИ
Вид на библиотечния материал Книги
Скрит в OPAC Не
Koha issues (borrowed), all copies 4
944 ## - СЪЗДАВАНЕ И РЕДАКЦИЯ на ЗАПИСА
Създаване/Редакция Създаване
Дата на регистрацията/редакция 17.05.2012
Статус, дата на статуса ф /
Служител, извършил регистрацията/редакцията Геновева_Генчева
944 ## - СЪЗДАВАНЕ И РЕДАКЦИЯ на ЗАПИСА
Създаване/Редакция Редакция
Дата на регистрацията/редакция 13.07.2012
Статус, дата на статуса ф /
Служител, извършил регистрацията/редакцията
999 ## - СИСТЕМНИ КОНТРОЛНИ НОМЕРА
Koha biblionumber 101966
Koha biblioitemnumber 101966
Наличности
Код за отписване Код за изгубен артикул Код за повреда Коз за рестрикции Код за отдаване Артикулен № Име на библиотеката - собственик Име на библиотеката, в която се намира в момента Статус (Текущо местоположение) Дата на вписване в системата Местоположение - отдел Цена в лева Инвентарен номер Систематично азбучна сигнатура Баркод Номер на екземпляра Цена в евро Служебна бележка Служебен тип на артикула
  Не е изгубен Не е повреден без рестрикции ползва се в читалня 164731 Регионална библиотека "Любен Каравелов" Русе Регионална библиотека "Любен Каравелов" Русе Хранилище 2012-05-17 Основен фонд - ползва се само за читалня 1.76 120000757489 Цб 255083 120000757489 1 0.90 Дост: DA Вид: А N: 7 Дата: 16.05.2012 Книги
  Не е изгубен Не е повреден без рестрикции заемане за дома 164732 Регионална библиотека "Любен Каравелов" Русе Регионална библиотека "Любен Каравелов" Русе Детски отдел 2012-05-17 Детски отдел 1.76 120000757490 ДН 636/639/Ф 67 120000757490 2 0.90 Дост: DA Вид: А N: 7 Дата: 16.05.2012 Дата инв: 03.09.2015 Бележки инв: Д2015 Книги
  Не е изгубен Не е повреден без рестрикции заемане за дома 164733 Регионална библиотека "Любен Каравелов" Русе Регионална библиотека "Любен Каравелов" Русе Детски отдел 2012-05-17 Детски отдел 1.76 120000757491 ДН 636/639/Ф 67 120000757491 3 0.90 Дост: DA Вид: А N: 7 Дата: 16.05.2012 Дата инв: 20.08.2015 Бележки инв: Д2015 Книги
Vip Innovations Ltd, Rousse, Bulgaria 2025